| 000 | 01541nam a2200337 a 4500 | ||
|---|---|---|---|
| 001 | BRCA_3303 | ||
| 005 | 20190320204219.0 | ||
| 008 | 190309s1868----enka---###---#000-0#eng-# | ||
| 041 | _aeng | ||
| 044 | _aenk | ||
| 084 |
_a597 _b.W37 _c1868 |
||
| 100 | 1 |
_aCervantes Saavedra, Miguel de _d1547-1616 _9213 |
|
| 245 | 1 | 0 |
_aAdventures of Don Quixote de la Mancha _cTranslated from the Spanish of Miguel de Cervantes Saavedra by Charles Jarvis. |
| 260 |
_aLondres _bWard, Lock and Tyler and Co. _c1868 |
||
| 300 |
_a1 v. en 2 partes (xxiv, 766 p.) _bil. _c22 cm. |
||
| 440 | 0 |
_aBeeton´s Boy´s own Library _98745 |
|
| 500 | _aContenido : Primera parte. Noticia sobre la vida de Cervantes. Prólogo del autor. Segunda parte. Prólogo del autor | ||
| 500 | _aEdición : Carefully Revised and Corrected. Illustrated by Tony Johannot | ||
| 500 | _aEdición económica de la traducción de Jarvis, ilustrada con profusión de dibujos de T. Johannot. Tela; lomo y planos decorados con asuntos quijotiles dorados Lúdovik Osterc | ||
| 500 | _aQM900 | ||
| 546 | _aTexto en : inglés | ||
| 650 | 1 | 4 |
_aNovela española _yÉpoca clásica, 1500-1700 _9215 |
| 650 | 1 | 4 |
_aLiteratura española _yÉpoca clásica, 1500-1700 _9216 |
| 650 | 1 | 4 |
_aNovela española _ySiglo XVII _9217 |
| 650 | 1 | 4 |
_aDon Quijote (Personaje ficticio) _eNovela _9218 |
| 700 | 1 |
_aJarvis, Charles _d?-1739 _eTraductor _98746 |
|
| 700 | 1 |
_aJohannot, Tony _d1803-1852 _eIlustrador _98747 |
|
| 740 | 0 | _aEl Ingenioso Hidalgo Don Quijote de la Mancha | |
| 902 | _aQFM | ||
| 942 |
_2lcc _cB |
||
| 999 |
_c3039 _d3039 |
||